MARC details
| 000 -LEADER |
| fixed length control field |
02185cab a2200421 4500 |
| 001 - CONTROL NUMBER |
| control field |
L130030 |
| 008 - FIXED-LENGTH DATA ELEMENTS--GENERAL INFORMATION |
| fixed length control field |
050616n2005 000 0 eng u |
| 035 ## - SYSTEM CONTROL NUMBER |
| System control number |
(Sirsi) u130030 |
| 041 ## - LANGUAGE CODE |
| Language code of text/sound track or separate title |
eng |
| 100 ## - MAIN ENTRY--PERSONAL NAME |
| Personal name |
Ndekugri, Issaka |
| 245 ## - TITLE STATEMENT |
| Title |
Insolvency and resolution of construction contract disputes by adjudication in the UK construction industry |
| 260 ## - PUBLICATION, DISTRIBUTION, ETC. |
| Date of publication, distribution, etc. |
2005 |
| 490 ## - SERIES STATEMENT |
| Series statement |
Construction Management and Economics |
| Volume/sequential designation |
23(4) May 2005, 399-408(10) |
| 520 ## - SUMMARY, ETC. |
| Summary, etc. |
Presents a critical review of all the cases where the courts have dealt with the effects of insolvency on the right to adjudicate and the enforceability of adjudicators' decisions. Argues that the courts may decline to enforce an adjudicator's payment decision when it is concluded that the payee would be unable to make repayment; the only exception to this would occur when the other party is in administration. |
| 590 ## - LOCAL NOTE (RLIN) |
| Local note |
IKA210605 |
| 650 ## - SUBJECT ADDED ENTRY--TOPICAL TERM |
| Topical term or geographic name entry element |
LATHAM REFORMS |
| 650 ## - SUBJECT ADDED ENTRY--TOPICAL TERM |
| Topical term or geographic name entry element |
HOUSING GRANTS, CONSTRUCTION AND REGENERATION ACT 1996 |
| 650 ## - SUBJECT ADDED ENTRY--TOPICAL TERM |
| Topical term or geographic name entry element |
BOUYGUES UK LTD V DAHL-JENSEN UK LTD |
| 650 ## - SUBJECT ADDED ENTRY--TOPICAL TERM |
| Topical term or geographic name entry element |
CIVIL PROCEDURE RULES |
| 650 ## - SUBJECT ADDED ENTRY--TOPICAL TERM |
| Topical term or geographic name entry element |
INSOLVENCY ACT 1986 |
| 650 ## - SUBJECT ADDED ENTRY--TOPICAL TERM |
| Topical term or geographic name entry element |
A STRAUME (UK) LTD V BRADLOR DEVELOPMENTS LTD |
| 650 ## - SUBJECT ADDED ENTRY--TOPICAL TERM |
| Topical term or geographic name entry element |
PARKE V FENTON GREEN PARTNERSHIP |
| 650 ## - SUBJECT ADDED ENTRY--TOPICAL TERM |
| Topical term or geographic name entry element |
GUARDI SHOES LTD V DATUM CONTRACTS |
| 650 ## - SUBJECT ADDED ENTRY--TOPICAL TERM |
| Topical term or geographic name entry element |
SEAWIND TANKERS CORPORATION V BAYOIL SA |
| 650 ## - SUBJECT ADDED ENTRY--TOPICAL TERM |
| Topical term or geographic name entry element |
RE A DEBTOR (NO 87 OF 1999) |
| 650 ## - SUBJECT ADDED ENTRY--TOPICAL TERM |
| Topical term or geographic name entry element |
MONTGOMERY V WANDA MODES LTD |
| 650 ## - SUBJECT ADDED ENTRY--TOPICAL TERM |
| Topical term or geographic name entry element |
HERSCHEL ENGINEERING LTD V BREEN PROPERTY LTD |
| 650 ## - SUBJECT ADDED ENTRY--TOPICAL TERM |
| Topical term or geographic name entry element |
ABSOLUTE RENTALS LTD V GENCOR ENTERPRISES LTD |
| 650 ## - SUBJECT ADDED ENTRY--TOPICAL TERM |
| Topical term or geographic name entry element |
NIKKO HOTELS (UK) LTD V MEPC PLC |
| 650 ## - SUBJECT ADDED ENTRY--TOPICAL TERM |
| Topical term or geographic name entry element |
RAINFORD HOUSE LTD V CADOGAN LTD |
| 650 ## - SUBJECT ADDED ENTRY--TOPICAL TERM |
| Topical term or geographic name entry element |
ISOVEL CONTRACTS LTD V ABB BUILDING TECHNOLOGIES LTD |
| 650 ## - SUBJECT ADDED ENTRY--TOPICAL TERM |
| Topical term or geographic name entry element |
SL TIMBER SYSTEMS LTD V CARILLION CONSTRUCTION LTD |
| 650 ## - SUBJECT ADDED ENTRY--TOPICAL TERM |
| Topical term or geographic name entry element |
HIGHLAND COUNCIL FOR SUSPENSION OF A CHARGE FOR PAYMENT OF MONEY AND SUSPENSION AD INTERIM |
| 650 ## - SUBJECT ADDED ENTRY--TOPICAL TERM |
| Topical term or geographic name entry element |
THIRD PARTIES (RIGHTS AGAINST INSURERS) ACT 1930 |
| 650 ## - SUBJECT ADDED ENTRY--TOPICAL TERM |
| Topical term or geographic name entry element |
GALLIFORD UK LTD V MARKEL CAPITAL LTD |
| 690 ## - LOCAL SUBJECT ADDED ENTRY--TOPICAL TERM (OCLC, RLIN) |
| Topical term or geographic name as entry element |
MANAGEMENT-DISPUTE AVOIDANCE, MANAGEMENT AND RESOLUTION-DISPUTE MANAGEMENT AND RESOLUTION-ALTERNATIVE DISPUTE RESOLUTION-ADJUDICATION |
| 942 ## - ADDED ENTRY ELEMENTS (KOHA) |
| Suppress in OPAC |
0 |